UBT Library

Textbook of organic chemistry (Record no. 42746)

000 -LEADER
fixed length control field 00585cam a22002291 4500
001 - CONTROL NUMBER
control field 7894879
005 - DATE AND TIME OF LATEST TRANSACTION
control field 20180216035634.0
008 - FIXED-LENGTH DATA ELEMENTS--GENERAL INFORMATION
fixed length control field 750402s1950 maua 000 0 eng
010 ## - LIBRARY OF CONGRESS CONTROL NUMBER
LC control number 50011691
035 ## - SYSTEM CONTROL NUMBER
System control number (OCoLC)1249079
040 ## - CATALOGING SOURCE
Original cataloging agency DLC
Transcribing agency OTU
Modifying agency DLC
041 ## - LANGUAGE CODE
Language code of text/sound track or separate title eng
042 ## - AUTHENTICATION CODE
Authentication code premarc
080 ## - UNIVERSAL DECIMAL CLASSIFICATION NUMBER
Universal Decimal Classification number 547 FIE
082 ## - DEWEY DECIMAL CLASSIFICATION NUMBER
Classification number 547 FIE
100 1# - Rafti
Rafti 12
101 ## - Shkurtesa
Shkurtesa KIM
245 00 - TITLE STATEMENT
Title Textbook of organic chemistry
Statement of responsibility, etc [by] Louis F. Fieser and Mary Fieser.
504 ## - BIBLIOGRAPHY, ETC. NOTE
Bibliography, etc Includes bibliographies.
906 ## - LOCAL DATA ELEMENT F, LDF (RLIN)
a 7
b cbc
c oclcrpl
d u
e ncip
f 19
g y-gencatlg
942 ## - ADDED ENTRY ELEMENTS (KOHA)
Source of classification or shelving scheme
Item type Books
Holdings
Withdrawn status Lost status Source of classification or shelving scheme Damaged status Not for loan Collection code Permanent location Current location Shelving location Date acquired Total Checkouts Full call number Barcode Date last seen Price effective from Koha item type
          Koleksioni i përgjithshem UBT - Lipjan UBT - Lipjan Koleksioni i përgjithshem 02/16/2018   547 FIE 002-2998446 02/16/2018 02/16/2018 Books
UBT Library © 2015-2024. All rights reserved University Education for Business and Technology